000 00448nam a2200181Ia 4500
003 OSt
005 20260509115125.0
008 250729s2003 xx 000 0 und d
040 _cAL
041 _akan
082 _a894.50 OBAK
100 _aDr.R.Obalesha Gatty
_9231477
245 _aKannada bhasha vishaya sampadikarana
260 _aGadag
_bVidyanidhi Prakashana
_c2003
300 _a269p
650 _aKannada
_9231478
942 _2ddc
_cBED
999 _c239301
_d239301